Central Library OPAC University of Rajshahi

Practical biotechnology : (Record no. 37133)

MARC details
000 -LEADER
fixed length control field 00663nam a22002297a 4500
001 - CONTROL NUMBER
control field 37133
003 - CONTROL NUMBER IDENTIFIER
rucl marc code BD-RjUL
005 - DATE AND TIME OF LATEST TRANSACTION
control field 20211209052600.0
008 - FIXED-LENGTH DATA ELEMENTS--GENERAL INFORMATION
fixed length control field 141019s2007 ii ||||| |||| 00| 0 eng d
020 ## - INTERNATIONAL STANDARD BOOK NUMBER
International Standard Book Number 9788173715822
035 ## - SYSTEM CONTROL NUMBER
System control number (BD-RjUL)37235
040 ## - CATALOGING SOURCE
Original cataloging agency BD-RjUL
Language of cataloging eng
Transcribing agency BD-RjUL
041 ## - LANGUAGE CODE
Language code of text/sound track or separate title eng
082 ## - DEWEY DECIMAL CLASSIFICATION NUMBER
Classification number 660.6
Author mark and year JAP 2007
100 ## - MAIN ENTRY--PERSONAL NAME
Personal name Janarthanam, S
9 (RLIN) 113555
245 ## - TITLE STATEMENT
Title Practical biotechnology :
Remainder of title methods and protocols /
Statement of responsibility, etc. S. Janarthanam and S. Vincent.
260 ## - PUBLICATION, DISTRIBUTION, ETC. (IMPRINT)
Place of publication, distribution, etc. Hyderabad :
Name of publisher, distributor, etc. Universities Press,
Date of publication, distribution, etc. 2007
300 ## - PHYSICAL DESCRIPTION
Pagination 125 p. :
Illustrations ill. ;
Size 25 cm
650 ## - SUBJECT ADDED ENTRY--TOPICAL TERM
Topical term or geographic name as entry element Biotechnology
9 (RLIN) 113556
700 ## - ADDED ENTRY--PERSONAL NAME
Personal name Vincent, S
942 ## - ADDED ENTRY ELEMENTS (KOHA)
Source of classification or shelving scheme Dewey Decimal Classification
Koha item type Books
Holdings
Lost status Source of classification or shelving scheme Damaged status Not for loan Permanent Location Current Location Shelving location Date acquired Cost, normal purchase price Total Checkouts Full call number Date last seen Copy number Koha item type Collection code Source of acquisition
  Dewey Decimal Classification     Central Library, University of Rajshahi Central Library, University of Rajshahi   20/08/2010 135.00   660.6 JAP 2007 19/04/2017 C-2 Books Non-fiction Dhaka, Paragon Enterprises Ltd.
  Dewey Decimal Classification   Not For Loan Institute of Biological Sciences (IBSc) Library Institute of Biological Sciences (IBSc) Library   19/10/2014 256.00   660.6 JAP 2007 19/10/2014 C-1 Books